Statistiques concernant Toutes les races de chiens qui commence par A

Cliquez ici pour prendre le quiz!

Statistiques générales

  • Ce quiz a été pris 23 fois
  • Le résultat moyen est 2 sur 8

Statistiques - réponses

Réponse% Correct
Akita
82%
Akita Inu
76%
American Staffordshire
24%
Airedale Terrier
18%
Affenpinscher
6%
Ancien chien d'arrêt danois
0%
Ariégeois
0%
Petite Vènerie
0%

Distribution des résultats

Percentile par nombre de réponses

% des personnes avec chaque résultat

Votre développement - résultats

Vous n’avez pas pris ce quiz